От Хомякова до Лотмана
| Main Author: | |
|---|---|
| Language: | Russian |
| Published: |
Москва, Языки славянской культуры, 2003
|
| Series: | Studia philologica |
| Subjects: |
Добролюбов
> Николай Александрович
> Н. А.
> русский литературный критик
> 1836-1861
> публицист
> революционный демократ
Хомяков
> Алексей Степанович
> 1804-1860
> русский религиозный философ
> писатель
> один из основателей славянофильства
> поэт
> публицист
> А. С.
Иванцов-Платонов
> А. М.
> российский церковный историк и писатель
> протоирей
> 1835 - 1894
> Александр Михайлович
> профессор Московского университета
|
| Format: | Book |
| KOHA link: | https://koha.lib.tpu.ru/cgi-bin/koha/opac-detail.pl?biblionumber=59532 |
MARC
| LEADER | 00000nam0a2200000 4500 | ||
|---|---|---|---|
| 001 | 59532 | ||
| 005 | 20240620161920.0 | ||
| 010 | |a 5944571357 | ||
| 035 | |a (RuTPU)RU\TPU\book\62948 | ||
| 090 | |a 59532 | ||
| 100 | |a 20040114d2003 k y0rusy50 ca | ||
| 101 | 0 | |a rus | |
| 102 | |a RU | ||
| 105 | |a y z 001zd | ||
| 200 | 1 | |a От Хомякова до Лотмана |f Б. Ф. Егоров | |
| 210 | |a Москва |c Языки славянской культуры |d 2003 | ||
| 215 | |a 368 с. | ||
| 225 | 1 | |a Studia philologica | |
| 320 | |a Библиогр.: с. 352-354. | ||
| 320 | |a Именной указатель: с. 355-367. | ||
| 600 | 1 | |a Герцен |g Александр Иванович |f 1812-1870 |c российский революционер |c писатель |c философ |2 stltpui |3 (RuTPU)RU\TPU\pers\286 | |
| 600 | 1 | |a Добролюбов |g Николай Александрович |b Н. А. |c русский литературный критик |f 1836-1861 |c публицист |c революционный демократ |2 stltpui |3 (RuTPU)RU\TPU\pers\1478 | |
| 600 | 1 | |a Чернышевский |g Николай Гаврилович |b Н. Г. |c публицист |f 1828-1889 |c литературный критик |c писатель |2 stltpui |3 (RuTPU)RU\TPU\pers\861 | |
| 600 | 1 | |a Гоголь |g Николай Васильевич |b Н. В. |c русский писатель |f 1809-1852 |2 stltpui |3 (RuTPU)RU\TPU\pers\1036 | |
| 600 | 1 | |a Бахтин |g Михаил Михайлович |b М. М. |c российский литературовед, теоретик искусства |f 1895-1975 |2 stltpui |3 (RuTPU)RU\TPU\pers\1168 | |
| 600 | 1 | |a Боткин |b В. П. |c русский писатель, критик |f 1811-1869 |g Василий Петрович |2 stltpush |3 (RuTPU)RU\TPU\pers\9624 |9 1913 | |
| 600 | 1 | |a Булгаков |g Михаил Афанасьевич |b М. А. |c русский писатель |f 1891-1940 |2 stltpui |3 (RuTPU)RU\TPU\pers\984 | |
| 600 | 1 | |a Бухарев |b А. М. |c русский богослов и философ, архимандрит |g Александр Матвеевич |f 1822-1871 |2 stltpush |3 (RuTPU)RU\TPU\pers\9621 | |
| 600 | 1 | |a Хомяков |g Алексей Степанович |f 1804-1860 |c русский религиозный философ |c писатель |c один из основателей славянофильства |c поэт |c публицист |b А. С. |2 stltpui |3 (RuTPU)RU\TPU\pers\1233 | |
| 600 | 1 | |a Лотман |b Ю. М. |c российский литературовед, культуролог |f 1922 - 1993 |g Юрий Михайлович |2 stltpui |3 (RuTPU)RU\TPU\pers\275 |9 137 | |
| 600 | 1 | |a Иванцов-Платонов |b А. М. |c российский церковный историк и писатель |c протоирей |f 1835 - 1894 |g Александр Михайлович |c профессор Московского университета |2 stltpush |3 (RuTPU)RU\TPU\pers\9623 | |
| 600 | 1 | |a Жуковский |g Василий Андреевич |c русский поэт |c академик Петербургской АН |f 1783-1852 |b В. А. |2 stltpush |3 (RuTPU)RU\TPU\pers\1101 | |
| 600 | 1 | |a Огарев |b Н. П. |c русский поэт |f 1813-1877 |g Николай Платонович |c революционер |c публицист |2 stltpush |3 (RuTPU)RU\TPU\pers\11942 | |
| 600 | 1 | |a Григорьев |b А. А. |c русский поэт |c литературный и театральный критик |f 1822-1864 |g Апполон Александрович |2 stltpush |3 (RuTPU)RU\TPU\pers\11378 |9 2593 | |
| 606 | 1 | |a Общественная мысль |x Философия |y Россия |z 19 в. |2 stltpush |3 (RuTPU)RU\TPU\subj\46653 |9 65770 | |
| 606 | 1 | |a Русская философия |x история |z 20 в. |2 stltpush |3 (RuTPU)RU\TPU\subj\67507 |9 83282 | |
| 610 | 1 | |a философия | |
| 610 | 1 | |a история | |
| 610 | 1 | |a 19 век | |
| 610 | 1 | |a 20 век | |
| 610 | 1 | |a русский характер | |
| 610 | 1 | |a славянофильство | |
| 610 | 1 | |a религиозная философия | |
| 686 | |a Ю3(2)5/6 |v LBC/SL-A |2 rubbk | ||
| 700 | 1 | |a Егоров |b Б. Ф. |g Борис Федорович | |
| 801 | 1 | |a RU |b 63413507 |c 20040114 |g PSBO | |
| 801 | 2 | |a RU |b 63413507 |c 20141007 |g PSBO | |
| 942 | |c BK | ||